| Tag |
First Indicator |
Second Indicator |
Subfields |
| LEADER |
00000pam a2200000 i 4500 |
| 001 |
in00000047173 |
| 005 |
20151007065450.0 |
| 008 |
771026s1978 nyu 00011 eng |
| 010 |
|
|
|a 77077661
|
| 020 |
|
|
|a 038513147X :
|c $6.95
|
| 035 |
|
|
|a (OCoLC)03414003
|
| 035 |
|
|
|9 AAE2044AM
|
| 040 |
|
|
|a DLC
|c DLC
|d TXA
|d UtOrBLW
|
| 049 |
|
|
|a TXAS
|c 1 [1700271], 2 [1700272]
|
| 050 |
0 |
0 |
|a PZ4.S77144
|b Ps
|a PS3569.P733
|
| 082 |
0 |
|
|a 813/.5/4
|
| 100 |
1 |
|
|a Spruill, Steven G.
|
| 245 |
1 |
4 |
|a The psychopath plague /
|c Steven G. Spruill.
|
| 250 |
|
|
|a 1st ed.
|
| 264 |
|
1 |
|a Garden City, N.Y. :
|b Doubleday,
|c 1978.
|
| 300 |
|
|
|a 180 pages ;
|c 22 cm.
|
| 336 |
|
|
|a text
|b txt
|2 rdacontent
|
| 337 |
|
|
|a unmediated
|b n
|2 rdamedia
|
| 338 |
|
|
|a volume
|b nc
|2 rdacarrier
|
| 490 |
1 |
|
|a Doubleday science fiction
|
| 830 |
|
0 |
|a Doubleday science fiction.
|
| 999 |
|
|
|a MARS
|
| 999 |
f |
f |
|s 043b9a06-991e-351f-870c-63d4d9cea1ea
|i b0dc7597-6bee-32ea-911a-15821f2a61fb
|t 0
|
| 952 |
f |
f |
|p noncirc
|a Texas A&M University
|b College Station
|c Cushing Memorial Library & Archives
|d Cushing: Science Fiction (Does not check out)
|t 0
|e PZ4.S77144 Ps
|h Library of Congress classification
|i unmediated -- volume
|m A14800450799
|
| 998 |
f |
f |
|a PZ4.S77144 Ps
|t 0
|l Cushing: Science Fiction (Does not check out)
|